030080000a22010570004500003001100000008004100011040003900052041000800091245006600099260003800165300001000203650001300213650001300226650001200239650001300251650002200264650002100286650002000307650001600327650002100343650001000364650001200374650002800386650001900414650000900433650001500442650001900457650004200476650000900518650000900527650002400536650008000560650002000640650001400660650002700674650002200701650001500723650000900738650000900747650001900756650007800775650001800853650001600871650003700887650002100924650003700945650001900982650002401001650003001025650003301055650001701088650001001105650001701115650001301132650003201145650002801177650001701205650001701222650001901239650001201258650001501270650001001285650001301295650001601308650002701324650002701351650002801378650002601406650001601432650003101448650001501479650001501494650001601509650001601525650001301541650001401554650001701568650001101585650006201596650003301658650002101691650004401712650002901756650001701785650001301802650000801815700002601823942000701849952007901856999001501935LK-CoMWRAF230817t ||||| |||| 00| 0 eng d aLK-CoMWRAFdLK-CoMWRAFeLK-CoMWRAF aeng aThe Muslim Womenb(Protection of Rights on Divorce) Act, 1986 bAshoka Law HouseaAllahabadc1987 ap.167 aAdultery aAl Hadis aApostay aCaliphat aCommon civil code aConflicts of Law aConjugal Rights aConsumation aContemporary Law aDeath aDivorce aDivorce of Muslim Women aDivorced Women aFiqh aFull Dower aHambali School aHistoric background of Mohammedan Law aIjma aIjma aIslamic divorce Law aIslamic Marital Law - Nikah, Koran, Hadis, Hafafi Law, Presumptions, Sunnis aIsmailya School aIstihshan aJudicial determination aJurist Abu Hanifa aKabin Nama aKhul aKhul aKhul & divorce aLegislation on contract, Tort and Civil procedures and Criminal procedure aMahr or Dower aMaintenance aMarriage according to Muslim Law aMeaning of Islam aMission of Mohammedan as Prophet aMohammedan Law aMuslim - Meaning of aMuslim LawUmmayed Dynesty aMuslim Personal Law in India aMuslim sects aNikah aPersonal Law aPolygamy aPolygamy and Mohammedan Law aPosition of the husband aPrompt Dower aProper Dower aProvident Fund aPuberty aPunishment aQiyas aReligion aRe-marriage aRequisites of a Muslim aRights of Muslim Women aRules of Interpretation aSchools of Muslim Law aSecond Wife aSecular character of Islam aShafai Law aShafie Law aShariat Act aShariat Act aShia Law aShiya Law aShiya School aShiyas aSocial legislation to advance the cause of weaker section aSupercession of Personal Law aTalaq (Shia Law) aThe fourth Imam Ali Asghar Raidul Abdin aThe Holy Quran and Sunna aTwelve Imams aUnlawful aUrf aBhatnagar,, J.P.eed. cBK 00104070aMAINbMAINd2023-08-17l0pRAF4489r2023-08-17w2023-08-17yBK c2371d2371